000 00498nam a2200193Ia 4500
008 101110s9999 xx 000 0 und d
041 _aENGLISH
082 _bSR13867
_a658.3
100 _aBlood Jerome W.
245 _aThe Personnel Job in a changing world
365 _b59
520 _aCommerce
546 _aENGLISH
630 _aThe Personnel Job in a changing world
650 _aCommerce
655 _aCommerce
730 _aThe Personnel Job in a changing world
942 _cBOOK
999 _c808003
_d808000